000 00650nam a2200169 i 4500
001 63158
003 ES-MaACL
005 20230906164810.0
007 t|
008 031201s1948 sp ||||1| spa d
100 1 _aFerrán Salvador, Vicente.
_950248
245 1 0 _aPintura valenciana del siglo XVII
_b: dos evangelistas de Jerónimo Jacinto de Espinosa /
_cVicente Ferrán Salvador.
260 _aCastellón :
_b[s.n.,
_c1948] (
_fHijos de F. Armengot)
300 _a12 p. ;
_c21 cm.
500 _aEs tirada aparte del Boletín de la Sociedad Castellonense de Cultura, t. XXV, cuaderno 1, enero-marzo 1949.
852 _aES-MaACL
_j1492-F-10
_bR.26295
999 _c63158
_d63158